000 00381nam a2200145Ia 4500
008 150201s2002 xx 000 0 und d
082 _a617.69
_bP2002Z
100 _aZARB, GEORGE A.
245 _aPROSTHODONTICS TREATMENT FOR EDNTULOUS PATIENTS
250 _a11TH
260 _bMOSBY
_aST.LOUIS.MISSOURI
_c2002
300 _a1-558
650 _aPROSTHODONTICS
942 _2ddc
_cBK
_08
999 _c2870
_d2870